[Event "George Washington Open"]
[Site "Herndon, VA"]
[Date "2016.02.26"]
[Round "1.1"]
[White "Sinha, Sahil"]
[Black "Lenderman, Aleksandr"]
[Result "0-1"]
[WhiteElo "2212"]
[BlackElo "2707"]
[PlyCount "118"]
[EventDate "2016.03.??"]
[EventType "swiss"]
[EventRounds "5"]
[EventCountry "USA"]

1. d4 d5 2. c4 c6 3. cxd5 cxd5 4. Nc3 Nf6 5. Bf4 Nc6 6. e3 Bg4 7. Qb3 Na5 8.
Qa4+ Bd7 9. Qc2 e6 10. Bd3 Nc6 11. a3 Nh5 12. Bg3 g6 13. Nf3 Nxg3 14. hxg3 Bg7
15. b4 O-O 16. O-O Qe7 17. Rfc1 Rfc8 18. Qb3 Qd8 19. Na4 Rc7 20. Rc2 Rac8 21.
Rac1 Be8 22. Nc5 Ne7 23. b5 b6 24. Na6 Rxc2 25. Rxc2 f6 26. a4 Bf8 27. g4 g5
28. e4 Rxc2 29. Bxc2 Qc8 30. e5 fxe5 31. Nxe5 Bg7 32. Nb4 Bxe5 33. dxe5 Qc5 34.
Nd3 Qc7 35. g3 Bg6 36. f4 gxf4 37. gxf4 Bxd3 38. Qxd3 Ng6 39. Qd2 Qc4 40. Bxg6
hxg6 41. Kg2 g5 42. fxg5 Qxg4+ 43. Kh2 Kg7 44. a5 Qh4+ 45. Kg2 Kg6 46. axb6
axb6 47. Qc3 Qc4 48. Qg3 Qe2+ 49. Kg1 Qxb5 50. Qh3 Qb1+ 51. Kh2 Qc2+ 52. Kh1
Qc1+ 53. Kh2 Qf4+ 54. Kh1 Qe4+ 55. Kg1 Qxe5 56. Qh6+ Kf5 57. Kg2 Qe2+ 58. Kh1
Qd1+ 59. Kg2 Qg4+ 0-1

[Event "George Washington Open"]
[Site "Herndon, VA"]
[Date "2016.02.26"]
[Round "1.2"]
[White "Erenburg, Sergey"]
[Black "Haessler, Carl"]
[Result "1-0"]
[WhiteElo "2680"]
[BlackElo "2200"]
[PlyCount "37"]
[EventDate "2016.03.??"]
[EventType "swiss"]
[EventRounds "5"]
[EventCountry "USA"]

1. e4 d6 2. d4 Nf6 3. Nc3 Nbd7 4. Nf3 e5 5. Bc4 Be7 6. O-O O-O 7. Re1 c6 8. a4
Qc7 9. h3 b6 10. b3 a6 11. Bb2 Bb7 12. Bd3 Rfc8 13. Ne2 exd4 14. Nexd4 d5 15.
e5 Ne4 16. Nf5 Ndc5 17. Nxe7+ Qxe7 18. b4 Nxd3 19. cxd3 1-0

[Event "George Washington Open"]
[Site "Herndon, VA"]
[Date "2016.02.26"]
[Round "1.3"]
[White "Guo, Arthur"]
[Black "Enkhbat, Tegshuren"]
[Result "0-1"]
[WhiteElo "2188"]
[BlackElo "2485"]
[PlyCount "96"]
[EventDate "2016.03.??"]
[EventType "swiss"]
[EventRounds "5"]
[EventCountry "USA"]

1. e4 c6 2. d4 d5 3. exd5 cxd5 4. Bd3 Nc6 5. c3 Qc7 6. Nf3 Bg4 7. O-O Nf6 8.
Nbd2 e6 9. h3 Bh5 10. Re1 Bd6 11. Nf1 O-O 12. Bg5 Bf4 13. Bxf4 Qxf4 14. Qd2 Qc7
15. Ne5 Nxe5 16. dxe5 Nd7 17. Qg5 Bg6 18. Bxg6 fxg6 19. Ng3 Rf7 20. Qg4 Re8 21.
Qd4 Ref8 22. f3 b5 23. Kh2 a6 24. Rad1 Rc8 25. Qg4 Nf8 26. h4 h5 27. Qd4 Qa5
28. Qf2 Qxa2 29. Ra1 Qc4 30. Ne2 Qc6 31. Nd4 Qb6 32. Qe3 a5 33. g4 b4 34. Rac1
Rc4 35. gxh5 gxh5 36. Rg1 a4 37. Rg2 Qa7 38. Rcg1 a3 39. Qh6 Rxd4 40. cxd4 a2
41. Ra1 Qxd4 42. Qg5 b3 43. Rc1 Qa7 44. Ra1 Rxf3 45. Qxh5 Qe3 46. Qg4 Qxe5+ 47.
Kh1 Rf4 48. Qg3 Qd4 0-1

[Event "George Washington Open"]
[Site "Herndon, VA"]
[Date "2016.02.26"]
[Round "1.5"]
[White "Nguyen, Trung"]
[Black "Feng, Maggie"]
[Result "0-1"]
[WhiteElo "2135"]
[BlackElo "2304"]
[PlyCount "134"]
[EventDate "2016.03.??"]
[EventType "swiss"]
[EventRounds "5"]
[EventCountry "USA"]

1. d4 d5 2. c4 dxc4 3. e3 e5 4. Bxc4 exd4 5. exd4 Bd6 6. Nf3 Nf6 7. O-O O-O 8.
h3 h6 9. Nc3 Nc6 10. a3 Bf5 11. Re1 Qd7 12. Be3 a6 13. b4 Rfe8 14. Ra2 Ne4 15.
Qb3 Bf8 16. Nxe4 Bxe4 17. Nd2 b5 18. Nxe4 bxc4 19. Qb1 f5 20. Nd2 Qd5 21. Rc2
f4 22. Bxf4 Nxd4 23. Rxc4 Ne2+ 24. Rxe2 Rxe2 25. Rxc7 Rxd2 26. Bxd2 Qxd2 27.
Qb3+ Kh8 28. Qf3 Rd8 29. Rf7 Qd1+ 30. Qxd1 Rxd1+ 31. Kh2 Bd6+ 32. g3 Rd3 33.
Kg2 Rxa3 34. Rb7 Be5 35. b5 a5 36. b6 Rb3 37. Ra7 Bc3 38. Rb7 Kh7 39. Rb8 a4
40. b7 a3 41. Ra8 Be5 42. Ra5 Bb2 43. Ra7 Rxb7 44. Rxb7 a2 45. Ra7 a1=Q 46.
Rxa1 Bxa1 47. Kf3 Bd4 48. Kg2 Kg6 49. f4 h5 50. Kf3 h4 51. g4 Bc3 52. Ke4 Kf6
53. Kd5 Bd2 54. Ke4 Ke6 55. f5+ Kd6 56. Kd4 Bg5 57. Ke4 Kc5 58. Ke5 Kc4 59. Ke6
Kd4 60. Kf7 Bf6 61. Kg6 Ke5 62. g5 Bd8 63. Kh5 Kxf5 64. Kxh4 Bxg5+ 65. Kg3 Bf6
66. h4 Kg6 67. Kg4 Kh6 0-1

[Event "George Washington Open"]
[Site "Herndon, VA"]
[Date "2016.02.26"]
[Round "1.6"]
[White "Yu, Jennnifer"]
[Black "Kobla, Vishal"]
[Result "1/2-1/2"]
[WhiteElo "2284"]
[BlackElo "2116"]
[PlyCount "150"]
[EventDate "2016.03.??"]
[EventType "swiss"]
[EventRounds "5"]
[EventCountry "USA"]

1. c4 Nf6 2. Nc3 g6 3. g3 Bg7 4. Bg2 O-O 5. Nf3 d6 6. d4 c6 7. O-O Qa5 8. h3
Be6 9. Qd3 Qa6 10. b3 d5 11. Nd2 Rd8 12. e3 Nbd7 13. Rd1 Rac8 14. Qe2 c5 15.
cxd5 Qxe2 16. Nxe2 Nxd5 17. Bb2 b6 18. Rab1 cxd4 19. Nxd4 Nc5 20. Nc4 Nb4 21.
Nxe6 Nxe6 22. a3 Nd3 23. Bxg7 Kxg7 24. Rd2 Ndc5 25. Rxd8 Rxd8 26. b4 Nd7 27.
Bd5 Nc7 28. Bf3 Ne6 29. Kf1 Rc8 30. Rd1 Rxc4 31. Rxd7 Rc7 32. Rd3 Kf6 33. Ke1
h5 34. Kd2 Rc8 35. Bd5 Rd8 36. e4 Nc7 37. Rf3+ Ke5 38. Rxf7 Nxd5 39. exd5 Rxd5+
40. Ke3 Ke6 41. Rf8 Rd1 42. Kf4 Rd5 43. Ra8 Rd7 44. Kg5 Kf7 45. h4 Kg7 46. Kf4
Kf6 47. Ke4 e6 48. Rf8+ Ke7 49. Rg8 Kf7 50. Rc8 Kf6 51. f3 Kf7 52. Ke5 Rd5+ 53.
Kf4 Rd7 54. Kg5 Kg7 55. Rc6 Rf7 56. g4 Rxf3 57. Rxe6 hxg4 58. Re7+ Kf8 59. Re4
g3 60. Kxg6 g2 61. Rg4 Rh3 62. h5 Rh2 63. Rg3 Kg8 64. Kh6+ Kh8 65. Rg4 Rh3 66.
Rxg2 Rxa3 67. Rc2 Rg3 68. Rc8+ Rg8 69. Rc7 Ra8 70. Rh7+ Kg8 71. b5 a5 72. bxa6
Rxa6 73. Rg7+ Kh8 74. Rb7 b5+ 75. Kg5 Ra5 1/2-1/2

[Event "George Washington Open"]
[Site "Herndon, VA"]
[Date "2016.02.26"]
[Round "1.8"]
[White "Darmanovic, Srdjan"]
[Black "Senft, Sean"]
[Result "1-0"]
[WhiteElo "2234"]
[BlackElo "2096"]
[PlyCount "109"]
[EventDate "2016.03.??"]
[EventType "swiss"]
[EventRounds "5"]
[EventCountry "USA"]

1. Nf3 d5 2. c4 c6 3. g3 Nf6 4. Bg2 g6 5. b3 Bg7 6. Bb2 O-O 7. O-O Re8 8. d3
Nbd7 9. Nbd2 e5 10. cxd5 cxd5 11. Rc1 b5 12. Rc2 Bb7 13. Qa1 Ng4 14. h3 Nh6 15.
Rfc1 Qb6 16. Rc7 Rad8 17. a4 Nf5 18. a5 Qa6 19. e4 dxe4 20. Nxe4 Ba8 21. Rxd7
Rxd7 22. Bxe5 Bxe4 23. dxe4 f6 24. Bb2 Nh6 25. e5 Rf8 26. Nd4 fxe5 27. Rc6 Qb7
28. Ne6 e4 29. Bxe4 Bxb2 30. Qxb2 Re8 31. Rc7 Rxc7 32. Bxb7 Rxb7 33. Nc5 Rbe7
34. Qd4 Nf5 35. Qd5+ Kg7 36. Nd3 a6 37. Nf4 Re5 38. Qb7+ R8e7 39. Qxa6 Nd4 40.
Nd3 R5e6 41. Qc8 Nxb3 42. Qc3+ Kh6 43. Qxb3 Ra6 44. Qb4 Rf7 45. Nc5 Raf6 46.
Ne4 Ra6 47. Qxb5 Rfa7 48. Qg5+ Kg7 49. Qe5+ Kg8 50. Nf6+ Kf8 51. Qe8+ Kg7 52.
Nd7 Ra8 53. Qe7+ Kh8 54. Nb6 Rb8 55. Qe5+ 1-0

[Event "George Washington Open"]
[Site "Herndon, VA"]
[Date "2016.02.27"]
[Round "2.1"]
[White "Lenderman, Aleksandr"]
[Black "Enkhbat, Tegshuren"]
[Result "1-0"]
[WhiteElo "2707"]
[BlackElo "2485"]
[PlyCount "73"]
[EventDate "2016.03.??"]
[EventType "swiss"]
[EventRounds "5"]
[EventCountry "USA"]

1. d4 d5 2. c4 c6 3. Nf3 Nf6 4. g3 dxc4 5. Bg2 g6 6. a4 Bg7 7. O-O Nbd7 8. Qc2
Nb6 9. Nbd2 O-O 10. Nxc4 Bf5 11. Qc3 Nxc4 12. Qxc4 Be4 13. Rd1 a5 14. b3 Nd7
15. Ba3 Nb6 16. Qc1 Nd5 17. Ne5 Bxg2 18. Kxg2 f5 19. e3 Qc8 20. Nd3 g5 21. Qc4
Kh8 22. Bc1 Qe6 23. Nc5 Qg6 24. Re1 f4 25. e4 Nb6 26. Qd3 Rad8 27. Bb2 Nd7 28.
Nxd7 Rxd7 29. Rad1 e5 30. d5 Rdf7 31. Ba3 Rd8 32. Qc4 Qh5 33. dxc6 Rxd1 34.
Rxd1 fxg3 35. Rd8+ Rf8 36. Rxf8+ Bxf8 37. hxg3 1-0

[Event "George Washington Open"]
[Site "Herndon, VA"]
[Date "2016.02.27"]
[Round "2.2"]
[White "Feng, Maggie"]
[Black "Erenburg, Sergey"]
[Result "0-1"]
[WhiteElo "2304"]
[BlackElo "2680"]
[PlyCount "96"]
[EventDate "2016.03.??"]
[EventType "swiss"]
[EventRounds "5"]
[EventCountry "USA"]

1. Nf3 d5 2. g3 c6 3. Bg2 Bg4 4. c4 e6 5. cxd5 exd5 6. Qb3 Qb6 7. Qc2 Nf6 8.
O-O Nbd7 9. d3 Qc5 10. Qb3 Qb4 11. Qc2 Be7 12. Nc3 d4 13. Nb1 O-O 14. a3 Qc5
15. Qa4 Bxf3 16. Bxf3 a5 17. Nd2 Nb6 18. Qd1 Nbd5 19. Ne4 Nxe4 20. Bxe4 f5 21.
Bf3 Rfd8 22. Bd2 Bf6 23. Qc1 Qe7 24. Qc4 a4 25. Bb4 Qe5 26. Rac1 Kh8 27. Bd2
Qe7 28. Qc5 Qe6 29. Qc4 Be5 30. b4 axb3 31. Qxb3 Qe7 32. Ra1 Rd7 33. Bb4 Qf6
34. Qc4 g6 35. Rfb1 h5 36. Bd2 Nc3 37. Re1 f4 38. Kg2 Rf8 39. Bxc3 dxc3 40.
Rac1 Bd4 41. Rf1 Re7 42. Be4 b5 43. Qxc6 Qxc6 44. Bxc6 Rxe2 45. Bxb5 fxg3 46.
hxg3 Rfxf2+ 47. Rxf2 Rxf2+ 48. Kh1 Kg7 0-1

[Event "George Washington Open"]
[Site "Herndon, VA"]
[Date "2016.02.27"]
[Round "2.3"]
[White "Shen, Christopher"]
[Black "Yu, Jennifer"]
[Result "0-1"]
[WhiteElo "2215"]
[BlackElo "2284"]
[PlyCount "80"]
[EventDate "2016.03.??"]
[EventType "swiss"]
[EventRounds "5"]
[EventCountry "USA"]

1. c4 e5 2. g3 Nf6 3. Bg2 d5 4. cxd5 Nxd5 5. Nc3 Nb6 6. Nf3 Nc6 7. O-O Be7 8.
a3 Be6 9. b4 O-O 10. Rb1 f6 11. d3 a5 12. b5 Nd4 13. Nd2 c6 14. e3 Nxb5 15.
Nxb5 cxb5 16. Rxb5 Rb8 17. Ne4 Nd5 18. Qd2 b6 19. Nc3 Nxc3 20. Qxc3 Rc8 21. Qd2
Bc5 22. Rd1 Qd7 23. Rb1 Rfd8 24. Bf3 Qa4 25. Qe2 Bb3 26. Rd2 Bxa3 27. Ra2 Rc2
28. Rxc2 Bxc2 29. Ra1 Bxd3 30. Qd2 (30. Qa2+ Bc4 31. Qxa3 Rd1+ 32. Bxd1 (32.
Kg2 Bf1+ 33. Kg1 Bh3+ 34. Bxd1 Qxd1#) 32... Qxd1+ 33. Kg2 Bf1+ 34. Kg1 Bh3#)
30... Bxc1 31. Rxc1 e4 32. Bd1 Qd7 33. Bb3+ Kh8 34. Qc3 a4 35. Ba2 Be2 36. Re1
Qd2 37. Qxd2 Rxd2 38. Rc1 Rd1+ 39. Rxd1 Bxd1 40. Kf1 Bb3 0-1

[Event "George Washington Open"]
[Site "Herndon, VA"]
[Date "2016.02.27"]
[Round "2.6"]
[White "Kobla, Vishal"]
[Black "Menon, Visha"]
[Result "1-0"]
[WhiteElo "2116"]
[BlackElo "1949"]
[PlyCount "71"]
[EventDate "2016.03.??"]
[EventType "swiss"]
[EventRounds "5"]
[EventCountry "USA"]

1. e4 c5 2. Nf3 d6 3. d4 cxd4 4. Nxd4 Nf6 5. Nc3 a6 6. Bg5 e6 7. f4 Be7 8. Qf3
Qc7 9. O-O-O Nbd7 10. Bd3 b5 11. Rhe1 Bb7 12. Qg3 b4 13. Nd5 exd5 14. exd5 Kd8
15. Nc6+ Bxc6 16. dxc6 Nc5 17. Bh4 Rg8 18. Bxh7 Rh8 19. Qxg7 Rxh7 20. Qxf6 Rxh4
21. Qxf7 Rh8 22. Re5 Na4 23. Re3 Nc5 24. Rde1 Ra7 25. Qg7 Re8 26. f5 Qxc6 27.
f6 Rc7 28. R1e2 Qa4 29. f7 Nd3+ 30. Rxd3 Rf8 31. Kb1 Qc6 32. h4 a5 33. b3 d5
34. Rde3 Qf6 35. Qxf6 Bxf6 36. Re8+ 1-0

[Event "George Washington Open"]
[Site "Herndon, VA"]
[Date "2016.02.27"]
[Round "2.7"]
[White "Haessler, Carl"]
[Black "Lederer, Yoav"]
[Result "0-1"]
[WhiteElo "2200"]
[BlackElo "2461"]
[PlyCount "64"]
[EventDate "2016.03.??"]
[EventType "swiss"]
[EventRounds "5"]
[EventCountry "USA"]

1. c4 c5 2. g3 Nc6 3. Bg2 g6 4. Nf3 Bg7 5. O-O e5 6. Nc3 Nge7 7. d3 d6 8. h3
O-O 9. a3 h6 10. Rb1 Be6 11. Ne1 Qd7 12. Kh2 f5 13. f4 Rae8 14. Nd5 Bf7 15. Nc2
Nxd5 16. cxd5 Nd4 17. e4 exf4 18. gxf4 Kh7 19. b4 Nxc2 20. Qxc2 cxb4 21. Rxb4
Rc8 22. Qb1 b6 23. Bb2 Bg8 24. e5 dxe5 25. Bxe5 Rfe8 26. Re1 Bxd5 27. Rd4 Rc5
28. Bxg7 Rxe1 29. Qxe1 Rc2 30. Qe5 Rxg2+ 31. Kh1 Rd2+ 32. Re4 Qc6 0-1

[Event "George Washington Open"]
[Site "Herndon, VA"]
[Date "2016.02.27"]
[Round "3.1"]
[White "Khmelnitsky, Igor"]
[Black "Lenderman, Aleksandr"]
[Result "1/2-1/2"]
[WhiteElo "2707"]
[BlackElo "2528"]
[PlyCount "86"]
[EventDate "2016.03.??"]
[EventType "swiss"]
[EventRounds "5"]
[EventCountry "USA"]

1. e4 e6 2. d4 d5 3. Nc3 Nf6 4. exd5 exd5 5. Bg5 Be7 6. Nf3 O-O 7. Bd3 Nc6 8.
h3 Nb4 9. a3 Nxd3+ 10. Qxd3 h6 11. Bh4 Nh5 12. Bxe7 Qxe7+ 13. Qe2 Qxe2+ 14.
Nxe2 Re8 15. Ne5 c5 16. g4 Nf6 17. f3 c4 18. Kd2 Nd7 19. Nxd7 Bxd7 20. Nf4 Bc6
21. Rhe1 Kf8 22. Rxe8+ Rxe8 23. Re1 Rxe1 24. Kxe1 Ke7 25. Ke2 g6 26. Ng2 Kd6
27. f4 Bd7 28. Kf3 f6 29. Ne3 b5 30. b4 g5 31. Kg3 Be6 32. Nd1 Bf7 33. c3 Bg6
34. Nf2 Bd3 35. h4 Bf1 36. hxg5 hxg5 37. Kf3 Ke6 38. Nd1 Bd3 39. Nf2 Bf1 40.
Nh1 Bd3 41. Ke3 Kd6 42. Nf2 Bf1 43. Kf3 Ke6 1/2-1/2

[Event "George Washington Open"]
[Site "Herndon, VA"]
[Date "2016.02.27"]
[Round "3.6"]
[White "Kobla, Vishal"]
[Black "Darmanovic, Srdjan"]
[Result "1/2-1/2"]
[WhiteElo "2116"]
[BlackElo "2234"]
[PlyCount "52"]
[EventDate "2016.03.??"]
[EventType "swiss"]
[EventRounds "5"]
[EventCountry "USA"]

1. e4 c6 2. d4 d5 3. Nc3 dxe4 4. Nxe4 Bf5 5. Ng3 Bg6 6. h4 h6 7. Nf3 Nd7 8. h5
Bh7 9. Bd3 Bxd3 10. Qxd3 e6 11. Bd2 Ngf6 12. O-O-O Be7 13. Qe2 O-O 14. Nf1 Nb6
15. Ne3 a5 16. g4 Ne4 17. Be1 a4 18. Ne5 a3 19. b3 Qc7 20. f3 Ng5 21. f4 Nh7
22. Kb1 Rfd8 23. c4 Nd7 24. Bc3 Nxe5 25. dxe5 Bc5 26. Nc2 Be7 1/2-1/2

[Event "George Washington Open"]
[Site "Herndon, VA"]
[Date "2016.02.27"]
[Round "4.2"]
[White "Erenburg, Sergey"]
[Black "Getz, Shelby"]
[Result "1-0"]
[WhiteElo "2680"]
[BlackElo "2366"]
[PlyCount "112"]
[EventDate "2016.03.??"]
[EventType "swiss"]
[EventRounds "5"]
[EventCountry "USA"]

1. e4 d5 2. exd5 Qxd5 3. Nf3 Bg4 4. Be2 Nc6 5. d4 e5 6. c4 Qa5+ 7. Bd2 Bb4 8.
d5 Bxf3 9. Bxf3 Bxd2+ 10. Nxd2 Nd4 11. O-O Ne7 12. Re1 f6 13. Nb3 Nxf3+ 14.
Qxf3 Qb4 15. Qh5+ Ng6 16. Nd4 O-O 17. Ne6 Rf7 18. b3 Nf8 19. Qh3 Re8 20. Red1
Qe7 21. Nxf8 Rfxf8 22. Rac1 Qc5 23. Qc3 f5 24. b4 Qe7 25. c5 Rf6 26. Qc4 Kh8
27. Qb5 c6 28. Qa4 a6 29. dxc6 Rxc6 30. Rd5 Qe6 31. Rcd1 e4 32. Qb3 h6 33. Qe3
Rc7 34. Qf4 Rf7 35. Rd6 Qxa2 36. h4 Kh7 37. Qg3 Qb2 38. Qg6+ Kg8 39. Rd8 Qe5
40. R1d7 Rff8 41. Rxe8 Rxe8 42. Rxg7+ Qxg7 43. Qxe8+ Kh7 44. h5 Qa1+ 45. Kh2
Qf6 46. Qd7+ Kg8 47. Qc8+ Kf7 48. Qxb7+ Kf8 49. Qb8+ Ke7 50. Qc7+ Ke8 51. g3
Qd4 52. Qc8+ Ke7 53. Qxf5 Qxb4 54. Qd5 Qe1 55. Qd6+ Ke8 56. Kg2 Qb4 1-0

[Event "George Washington Open"]
[Site "Herndon, VA"]
[Date "2016.02.28"]
[Round "4.3"]
[White "Yu, Jennifer"]
[Black "Kore, Akshayraj"]
[Result "1-0"]
[WhiteElo "2284"]
[BlackElo "2564"]
[PlyCount "61"]
[EventDate "2016.03.??"]
[EventType "swiss"]
[EventRounds "5"]
[EventCountry "USA"]

1. c4 b6 2. Nc3 Bb7 3. e4 e6 4. g3 g6 5. Bg2 Bg7 6. Nge2 Ne7 7. O-O O-O 8. d4
d6 9. Be3 a6 10. f4 c5 11. Qd2 Qc7 12. Rac1 Nbc6 13. d5 Na5 14. b3 Rad8 15. g4
Bc8 16. f5 exf5 17. gxf5 gxf5 18. Bh6 fxe4 19. Nxe4 f6 20. N2g3 Ng6 21. Bxg7
Qxg7 22. Nh5 Qe7 23. Nexf6+ Kh8 24. Qh6 Ne5 25. Nxh7 Rxf1+ 26. Rxf1 Ng4 27.
Nf8+ Nxh6 28. Ng6+ Kh7 29. Nxe7 Bg4 30. Be4+ Kh8 31. Rf6 1-0

[Event "George Washington Open"]
[Site "Herndon, VA"]
[Date "2016.02.27"]
[Round "4.7"]
[White "Enkhbat, Tegshsuren"]
[Black "Xu, Runya"]
[Result "1-0"]
[WhiteElo "2485"]
[BlackElo "2257"]
[PlyCount "97"]
[EventDate "2016.03.??"]
[EventType "swiss"]
[EventRounds "5"]
[EventCountry "USA"]

1. d4 Nf6 2. c4 e6 3. g3 d5 4. Nf3 c6 5. Qc2 Bd6 6. Bg2 O-O 7. O-O Nbd7 8. Nc3
a6 9. Nd2 b5 10. cxd5 cxd5 11. e4 b4 12. Na4 Be7 13. e5 Ne8 14. Nb3 a5 15. Be3
Ba6 16. Rfc1 Bb5 17. Nbc5 Rc8 18. Qd1 Nb6 19. Nxb6 Qxb6 20. a3 Nc7 21. h4 Na6
22. a4 Bc6 23. Nxa6 Qxa6 24. h5 h6 25. Bf1 Qb7 26. Qg4 Kh8 27. Bd3 Bd7 28. Qe2
Rxc1+ 29. Bxc1 Qb6 30. Be3 Rc8 31. g4 b3 32. Bb1 f5 33. Qd2 Kg8 34. Kh1 Qb4 35.
Qd1 Rf8 36. gxf5 exf5 37. Qg1 Kh8 38. Bd3 Be8 39. f4 Bxh5 40. Qg2 Qb7 41. Rg1
Bg4 42. Bxf5 h5 43. Bxg4 hxg4 44. Qxg4 Bd8 45. f5 Qd7 46. e6 Qa7 47. Rg3 Kg8
48. Qh5 Qa6 49. Rxg7+ 1-0

[Event "George Washington Open"]
[Site "Herndon, VA"]
[Date "2016.02.28"]
[Round "4.8"]
[White "Kumar, Aravind"]
[Black "Kobla, Vishal"]
[Result "1-0"]
[WhiteElo "2331"]
[BlackElo "2116"]
[PlyCount "183"]
[EventDate "2016.03.??"]
[EventType "swiss"]
[EventRounds "5"]
[EventCountry "USA"]

1. d4 Nf6 2. c4 g6 3. Nc3 d5 4. Bg5 Bg7 5. Bxf6 Bxf6 6. cxd5 c6 7. e3 cxd5 8.
Bd3 Nc6 9. Nge2 O-O 10. O-O e6 11. a3 a6 12. Rc1 Bd7 13. Na4 b6 14. Nec3 Na5
15. b4 Nb7 16. Qf3 Bg7 17. Qe2 Bxa4 18. Nxa4 b5 19. Nc3 Qb6 20. a4 bxa4 21. Qb2
a3 22. Qxa3 Qd6 23. Qa4 Rfb8 24. Na2 Nd8 25. Rc2 Bf8 26. Rb1 Qb6 27. g3 Kg7 28.
Kg2 Ra7 29. Be2 Raa8 30. h4 h5 31. Rbb2 Ra7 32. Rb3 Raa8 33. Bd3 Ra7 34. Rb1
Raa8 35. Rc3 Ra7 36. Qc2 Raa8 37. Rc7 Bd6 38. Rc3 Bf8 39. Qe2 Ra7 40. Qc2 Raa8
41. Kh3 Bd6 42. Kg2 Bf8 43. Qe2 Ra7 44. Qd1 Raa8 45. Kf1 Bd6 46. Qa4 Ra7 47.
Kg1 Kf8 48. Kg2 Kg7 49. Bf1 Kf8 50. Qc2 Raa8 51. Qd1 Kg7 52. Bd3 Be7 53. Qe2
Ra7 54. Qd1 Raa8 55. Qc2 Bd6 56. Be2 Kf8 57. Qc1 Kg7 58. Qf1 Ra7 59. Bd3 Be7
60. Qe2 Bd6 61. Qd1 Raa8 62. Kg1 Be7 63. Qc1 Bd6 64. Qc2 Kf8 65. Qe2 Ra7 66.
Qf1 Kg7 67. Qd1 Raa8 68. Qe2 Ra7 69. Qc2 Raa8 70. Kh2 Kf8 71. Qe2 Ra7 72. Qd1
Kg7 73. b5 a5 74. Qa4 Raa8 75. Rbc1 Kf8 76. Ra1 Kg7 77. Rb1 Kf8 78. Kg2 Kg7 79.
Rc2 Ra7 80. Be2 Raa8 81. Nc1 Ra7 82. Nd3 Kf8 83. Kf1 Kg7 84. Kg1 Kf8 85. Kg2
Kg7 86. Bf1 Kf8 87. Rc3 Kg7 88. Rc2 Kf8 89. Nc5 Kg7 90. Rbc1 Rc8 91. Nxe6+ fxe6
92. Rxc8 {White wins after several moves later when both players have less
than 15 seconds to finish the game.} 1-0

[Event "George Washington Open"]
[Site "Herndon, VA"]
[Date "2016.02.28"]
[Round "5.1"]
[White "Lenderman, Aleksandr"]
[Black "Yu, Jennifer"]
[Result "1-0"]
[WhiteElo "2707"]
[BlackElo "2284"]
[PlyCount "83"]
[EventDate "2016.03.??"]
[EventType "swiss"]
[EventRounds "5"]
[EventCountry "USA"]

1. d4 d5 2. c4 c6 3. Nf3 Nf6 4. Qb3 dxc4 5. Qxc4 Bf5 6. g3 e6 7. Bg2 Nbd7 8.
O-O Be7 9. e3 O-O 10. Rd1 h6 11. Qe2 Qc7 12. Nc3 Ne4 13. Ne1 Nxc3 14. bxc3 Bg6
15. Nd3 e5 16. e4 Rad8 17. Be3 Rfe8 18. Rac1 Ba3 19. Rb1 exd4 20. Bf4 Qc8 21.
cxd4 Nf6 22. Ne5 Bh7 23. f3 Bd6 24. Be3 Re7 25. Qb2 Bb8 26. Qa3 Rde8 27. Rbc1
Nd7 28. Bh3 f5 29. Qb3+ Kf8 30. exf5 Nxe5 31. dxe5 Bxf5 32. Bxf5 Qxf5 33. Bc5
Qxe5 34. Rd4 Qf6 35. Rd7 Qg5 36. Bxe7+ Rxe7 37. Rd8+ Re8 38. Rxe8+ Kxe8 39.
Re1+ Kd8 40. Qf7 Be5 41. Rd1+ Kc8 42. f4 1-0

[Event "George Washington Open"]
[Site "Herndon, VA"]
[Date "2016.02.28"]
[Round "5.2"]
[White "Erenburg, Sergey"]
[Black "Enkhbat, Tegshuren"]
[Result "1-0"]
[WhiteElo "2680"]
[BlackElo "2485"]
[PlyCount "95"]
[EventDate "2016.03.??"]
[EventType "swiss"]
[EventRounds "5"]
[EventCountry "USA"]

1. e4 c6 2. d4 d5 3. e5 Bf5 4. Nf3 e6 5. Be2 Ne7 6. O-O h6 7. Nbd2 Nd7 8. Nb3
Qc7 9. a4 g5 10. a5 Bg7 11. c4 O-O 12. Bd2 b6 13. Rc1 Be4 14. Bb4 Rfe8 15. Bd6
Qb7 16. Nfd2 Bg6 17. cxd5 exd5 18. a6 Qc8 19. Bg4 Nf5 20. Ba3 Nb8 21. Qf3 Nh4
22. Qe2 Bf5 23. Bxf5 Qxf5 24. g3 Ng6 25. Kh1 c5 26. f4 gxf4 27. gxf4 c4 28. Na1
Nc6 29. Nc2 Kh7 30. Qf2 b5 31. Bc5 Rad8 32. Ne3 Qh5 33. Rg1 Rg8 34. Rg3 f5 35.
Rcg1 Bh8 36. Ndf1 Nge7 37. Rxg8 Rxg8 38. Rxg8 Kxg8 39. Qg2+ Kh7 40. Nxd5 Ng6
41. Nf6+ Bxf6 42. exf6 Nd8 43. Bxa7 Ne6 44. Bb8 Nh4 45. Qf2 Qe8 46. Qxh4 Qxb8
47. d5 Nxf4 48. Qg3 1-0

[Event "George Washington Open"]
[Site "Herndon, VA"]
[Date "2016.02.28"]
[Round "5.12"]
[White "Kobla, Vishal"]
[Black "Paul, Justin"]
[Result "1/2-1/2"]
[WhiteElo "2116"]
[BlackElo "2205"]
[PlyCount "59"]
[EventDate "2016.03.??"]
[EventType "swiss"]
[EventRounds "5"]
[EventCountry "USA"]

1. e4 e6 2. d4 d5 3. Nd2 Nf6 4. e5 Nfd7 5. Bd3 c5 6. c3 Nc6 7. Ne2 cxd4 8. cxd4
f6 9. exf6 Nxf6 10. O-O Bd6 11. Nf3 O-O 12. Bf4 Bxf4 13. Nxf4 Ne4 14. Qc1 Qf6
15. Ne2 Bd7 16. Qe3 Nd6 17. Ne5 Be8 18. f4 Nb4 19. Bb1 Nf5 20. Bxf5 Qxf5 21.
Ng3 Qf6 22. Rf2 Rc8 23. Qb3 Qe7 24. a3 Nc6 25. Qe3 Nxe5 26. Qxe5 Qf6 27. Re1
Qxe5 28. Rxe5 Rc1+ 29. Nf1 Bb5 30. g3 1/2-1/2

[Event "George Washington Open U1800"]
[Site "Herndon, VA"]
[Date "2016.02.28"]
[Round "4.69"]
[White "McNeil, Vernon"]
[Black "Knudson, Eric"]
[Result "1-0"]
[WhiteElo "1752"]
[BlackElo "1517"]
[PlyCount "41"]
[EventDate "2016.03.??"]
[EventType "swiss"]
[EventRounds "5"]
[EventCountry "USA"]

1. d4 d5 2. e3 Nf6 3. Bd3 e6 4. Nd2 Be7 5. f4 O-O 6. a4 Nbd7 7. Qe2 b6 8. Ngf3
Bb7 9. Ne5 c5 10. c3 Rc8 11. Qf3 Qc7 12. g4 cxd4 13. exd4 Nxe5 14. fxe5 Nd7 15.
g5 Bxg5 16. Qh5 Bh6 17. Rg1 Bxd2+ 18. Bxd2 g6 19. Bf4 f6 {Diagram [#]} 20.
Rxg6+ Kf7 21. Rg7+ 1-0